000 00381nam a22001337a 4500
082 _a510
_bPRA/T
100 _aPRASAD, VSSN
245 _aTECHNICAL MATHEMATICS
250 _aFIRST EDITION
260 _aHYDERABAD
_bRADIANT PUBLISHING HOUSE
_c2003
520 _aBOOKS FOR DIPLOMA IN ENGINEERING AS PER CURRICULUM 2003, GOVT OF KERALA
650 _aMATHS REFERENCE
_zINDIA
942 _cBK
999 _c1268
_d1268